| 000 | 02155cam a22005054i 4500 | ||
|---|---|---|---|
| 003 | PE-LiUPU | ||
| 005 | 20250731184539.0 | ||
| 008 | 181227s2018 miua r 000 0 eng d | ||
| 020 | _a1720780412 | ||
| 020 | _a9781720780410 | ||
| 035 | _a(Sirsi) a251216 | ||
| 040 |
_aPE-LiUPU _bspa _cPE-LiUPU _erda |
||
| 049 | _aPRUA | ||
| 082 | 0 | 4 |
_a913.32 _bE31 _223 |
| 245 | 0 | 0 |
_aEgypt's role in the Hebrew Bible : _bproceedings of the workshop held at the University of Lausanne 22-23 April 2015 / _cedited by Thomas Römer and Shirly Ben-Dor Evian. |
| 264 | 1 |
_aTucson : _bUniversity of Arizona, _c2018. |
|
| 300 |
_avii, 84 páginas : _bilustraciones ; _c28 centímetros. |
||
| 336 |
_atext _2rdacontent |
||
| 337 |
_aunmediated _2rdamedia |
||
| 338 |
_avolume _2rdacarrier |
||
| 490 | 0 |
_aJournal of ancient Egyptian interconnections ; _v18 |
|
| 505 | 0 | _aThe Past and Future of "Biblical Egyptology" -- Egyptian Gola in Prophetic and Pentateuchal Traditions: A Socio-Historical Perspective -- The Egyptian-Canaanite Interface as Colonial Encounter: A View from Southwest Canaan -- References to the Pharaoh in the Local Glyptic Assemblage of the Southern Levant during the First Part of the 1st Millennium BCE -- The Role of Egypt in the Formation of the Hebrew Bible -- Joseph, Ahiqar, and Elephantine: The Joseph Story as Diaspora Novella. | |
| 526 | _aP136 | ||
| 526 | _aP135 | ||
| 526 | _aP134 | ||
| 526 | _aP133 | ||
| 526 | _aP144 | ||
| 526 | _aP143 | ||
| 526 | _aP87 | ||
| 526 | _aP35 | ||
| 526 | _aP20 | ||
| 526 | _aP14 | ||
| 526 | _aP10 | ||
| 526 | _aP06 | ||
| 650 | 4 | _aEgiptología. | |
| 650 | 4 | _aEgipto en la Biblia. | |
| 700 | 1 |
_aBen-Dor Evian, Shirly, _eeditor. |
|
| 700 | 1 |
_aRömer, Thomas, _d1955-, _eeditor. |
|
| 910 |
_adbm _brri _crri _d20181227 |
||
| 942 |
_2ddc _cBOOK |
||
| 994 |
_aC0 _bPEPRU |
||
| 596 | _a1 | ||
| 999 |
_a913.32 E31 _wDEWEY _c30641 _i79395 _f2021-11-11 _g4 _lCCODEBUL1 _mBUL _p40.00 _r0 _sY _tBOOK _u2018-12-27 _xTEOLOGIA _PP85 _0COMPRA _1FCOMPR2 _o.STAFF. Colección Teología _d30641 |
||
| 980 |
_81 _gALBERTO SANCHEZ Responsable de Automatización |
||